| 000 | 00838nam a2200277 a 4500 | ||
|---|---|---|---|
| 001 | 000112784 | ||
| 003 | CHAP | ||
| 005 | 20220329144321.0 | ||
| 008 | 161115s2015 mx |s| ||||||spa d | ||
| 010 | _a109245 | ||
| 011 | _a110217 | ||
| 020 | _a9786071203915 | ||
| 040 | _cCHAP | ||
| 090 | _aCD-466 | ||
| 100 | 0 | 0 |
_aPedroza Sandoval, Aurelio. _986574 |
| 245 | 1 | 0 |
_aGenotecnia aplicada al estrés vegetal _h[Disco compacto] _bguía didactica / _cpor Aurelio Pedroza Sandoval. |
| 260 |
_aDurango, Méx. : _bUACH. URUZA, _c2015. |
||
| 300 |
_a1 CD ROM ; _c4 3/4 plg. |
||
| 590 |
_aE11695DGD _b10 _c20170512 _lUCH01 _h0940 |
||
| 590 |
_aE5765TAJ _b05 _c20161115 _lUCH01 _h1211 |
||
| 650 | 1 | 4 |
_aBotánica _xManuales de laboratorio. _914584 |
| 650 | 1 | 4 |
_aPlantas _xEfectos del estrés. _9125370 |
| 901 | _aBK | ||
| 942 | _cCD | ||
| 942 | _n0 | ||
| 999 |
_c109245 _d109245 |
||